000 00564nam a2200205Ia 4500
005 20250508153157.0
008 008 250505s9999 xx 000 0 eng d
037 _aTextual
040 _aFEDL
_beng
_cFEDL
041 _aeng
_2eng
084 _a100, BUN
_qFEDL
100 _aBunge Mario
245 0 _aMyth of simplicity: Problems of scientific philosophy
260 _aEnglewood Cliffs
_b Prentice-Hall
_c1963
300 _axii,239p.
365 _aUSD
_b5.95
650 _aPhilosophy
942 _cTEXL
_h100, BUN
999 _c1341058
_d1341058